| 000 | 01073naa a22003017a 4500 | ||
|---|---|---|---|
| 001 | BR8901220 | ||
| 003 | BR-BrBNA | ||
| 005 | 20240918180432.0 | ||
| 007 | ta | ||
| 008 | 230509b bl.||||| |||| 00| 0 por d | ||
| 040 |
_aBR-BrBNA _bpor _cBiblioteca Nacional de Agricultura |
||
| 041 | _a(Pt) | ||
| 072 |
_aJ10; N01; E20 _b9205 _b4650 |
||
| 090 | _aJ10 BR8901220 | ||
| 100 | 1 | _aPrata, E.A. | |
| 111 | 1 |
_a16. Congresso Brasileiro de Engenharia Agricola _cJundiai, SP (Brazil) _d13-17 Jul 1987 |
|
| 245 | 1 | _aExplosao e incendios em terminais graneleiros | |
| 260 | 3 |
_aSao Paulo, SP (Brasil): _c1987. |
|
| 500 | _a16. Congresso Brasileiro de Engenharia Agricola. Anais. v. 2 Sao Paulo, SP (Brasil): 1987. p. 495-499 (BR8901220-AM)J10 | ||
| 650 | _aGRAO | ||
| 650 | _aARMAZENAMENTO | ||
| 650 | _aARMAZEM | ||
| 650 | _aACIDENTE | ||
| 650 | _aPREVENCAO DE ACIDENTE | ||
| 773 | 0 |
_t16. Congresso Brasileiro de Engenharia Agricola. Anais. v. 2 _wJ10 BR8901220 _gSao Paulo, SP (Brasil), 1987. p. 495-499 |
|
| 909 |
_a202404 _bLucia _c55 _dLucia Elande |
||
| 942 |
_cAM _2AGRIS |
||
| 999 |
_c320351 _d320351 |
||